|
|
|
|
| LEADER |
01298nam a22003132a 4500 |
| 001 |
000302801 |
| 003 |
CZ BrMZK |
| 005 |
20140130130626.0 |
| 007 |
ta |
| 008 |
010907s1964 xr f f cze d |
| 015 |
|
|
|a cnb000477213
|
| 035 |
|
|
|a (OCoLC)34994617
|
| 040 |
|
|
|a BOA001
|b cze
|
| 100 |
1 |
|
|a Vacková, Marie,
|d 1893-1967
|7 jk01141010
|4 aut
|
| 245 |
1 |
0 |
|a Vzpomínky /
|c Marie Vacková, Václav Vacek ; literárně upravila Alice Kantorová a Oldřich Kryštofek
|
| 250 |
|
|
|a 1. vyd.
|
| 260 |
|
|
|a Praha :
|b Mladá fronta,
|c 1964
|
| 300 |
|
|
|a 181 s., příl.
|
| 500 |
|
|
|a 5000 výt.
|
| 500 |
|
|
|a Dostupné též v digitální podobě v aplikaci Kramerius
|
| 700 |
1 |
|
|a Vacek, Václav,
|d 1877-1960
|7 jk01140987
|4 aut
|
| 856 |
4 |
1 |
|u http://www.digitalniknihovna.cz/mzk/uuid/uuid:fcaaa7b0-917f-11ed-a93c-005056827e51
|y Digitalizovaný dokument
|x NDK
|
| 910 |
|
|
|a BOA001
|b PK-0036.077
|b 2-0515.113
|
| 964 |
|
|
|a Vacek, Václav - život - vzpomínky
|
| 964 |
|
|
|a Praha - povstání 1945 - vzpomínky
|
| 990 |
|
|
|a BK
|
| 996 |
6 |
|
|b 2619043093
|c 2-0515.113
|l HP2
|r DEN
|n 0
|w 000302801
|u 000030
|a 1
|e BOA001
|j MZK50
|s P
|
| 996 |
7 |
|
|b 2619043094
|c 2-0515.113
|l HP2
|r DEN
|n 0
|w 000302801
|u 000020
|a 1
|e BOA001
|j MZK50
|s A
|
| 996 |
7 |
|
|b 3119923177
|c PK-0036.077
|l MZK
|r Sklad / do 1 hodiny
|n 0
|w 000302801
|u 000010
|a 1
|e BOA001
|j MZK50
|s A
|